000 00343nam a2200133Ia 4500
008 210210b1968 xxu||||| |||| 00| 0 eng d
082 _a330.901 HALT
100 _aHALAYYA (M).
245 _aText book of economic history. Ed.5.
250 _a
260 _aBombay
_bJamnadas and Company
_c1968
690 _aEconomic History
906 _a027121
999 _c78421
_d78421